00261nam a22000617a 4500008004100000100001800041245014000059170706b xxu||||| |||| 00| 0 eng d aMwaizi Cherry aImpact of implementing radiology information system and communication in public hospitals: a case of Moi Teaching and Refferal Hospital